000 00297nam a2200109Ia 4500
008 200302s9999 xx 000 0 und d
100 _aBrian Wood
245 _aBuilding Care : From Maintenance To Energy Conservation (Usd 62.99)
260 _bBlackwell Publications
260 _c2003
300 _a194
999 _c4593
_d4593